Africa's elusive quest for development (Record no. 87557)
[ view plain ]
| 000 -LEADER | |
|---|---|
| fixed length control field | 01485nam a2200325Ia 4500 |
| 082 04 - DEWEY DECIMAL CLASSIFICATION NUMBER | |
| Classification number | 338.96/07 |
| 100 1# - MAIN ENTRY--AUTHOR NAME | |
| Personal name | Houngnikpo, Mathurin C. |
| 245 10 - TITLE STATEMENT | |
| Title | Africa's elusive quest for development |
| 260 ## - PUBLICATION, DISTRIBUTION, ETC. (IMPRINT) | |
| Place of publication | New York : |
| Name of publisher | Palgrave/Macmillan, |
| Year of publication | 2006. |
| 300 ## - PHYSICAL DESCRIPTION | |
| Number of Pages | x, 252 p. |
| 505 0# - FORMATTED CONTENTS NOTE | |
| Formatted contents note | 1. A synopsis of Africa's plight -- 2. Democracy's travails in Africa -- 3. The contemporary African state : Res Publica or Res Privata? -- 4. Corruption in Africa -- 5. Africa at its nadir -- 6. Required shift of paradigm -- 7. Herculean tasks ahead. |
| 650 #0 - SUBJECT ADDED ENTRY--TOPICAL TERM | |
| Topical Term | Sustainable development |
| Topical Term | Economic development |
| 856 40 - ELECTRONIC LOCATION AND ACCESS | |
| Uniform Resource Identifier | http://site.ebrary.com/lib/rucke/Doc?id=10135641 |
No items available.
